Shaping Aluminum with hand tools, 100 min[DVD] (Record no. 292737)

000 -LEADER
fixed length control field 00242 a2200109 4500
001 - CONTROL NUMBER
control field 57664
090 ## - LOCALLY ASSIGNED LC-TYPE CALL NUMBER (OCLC); LOCAL CALL NUMBER (RLIN)
-- 35345
-- 35345
245 ## - TITLE STATEMENT
Title Shaping Aluminum with hand tools, 100 min[DVD]
260 ## - PUBLICATION, DISTRIBUTION, ETC.
Name of publisher, distributor, etc. Covell
Date of publication, distribution, etc. 2005
500 ## - GENERAL NOTE
General note CD/DVD
505 ## - FORMATTED CONTENTS NOTE
Formatted contents note IE reference
942 ## - ADDED ENTRY ELEMENTS (KOHA)
Institution code [OBSOLETE] NUST-CAE
Holdings
Withdrawn status Lost status Damaged status Not for loan Collection code Permanent Location Current Location Date acquired Total Checkouts Barcode Date last seen Price effective from Koha item type
          College of Aeronautical Engineering (CAE) College of Aeronautical Engineering (CAE) 04/03/2017   CAE80302 04/05/2017 04/05/2017 Book
© 2023 Central Library, National University of Sciences and Technology. All Rights Reserved.